LEADER 01165cam0-22003491i-450- 001 990007893630403321 005 20140204143059.0 010 $a3-7001-1858-9 035 $a000789363 035 $aFED01000789363 035 $a(Aleph)000789363FED01 035 $a000789363 100 $a20040607d1991----km-y0itay50------ba 101 2 $ager$agrc 102 $aAT 105 $aa-------001cy 200 1 $a<>Eparchenbuch Leons des Weisen$fEinführung, edition, übersetzung und Indices von Johannes Koder 210 $aWien$cVerlag der österreichischen Akademie der Wissenschaften$d1991 215 $a167 p., [6] c. di tav.$d24 cm 225 1 $aCorpus fontium historiae byzantinae$iSeries vindobonensis$v33. 517 1 $aLeonis sapientis librum praefecti 610 0 $aBisanzio$aRegole del commercio 676 $a343.4 700 0$aLeo$c$0392761 702 1$aKoder,$bJohannes 801 0$aIT$bUNINA$gRICA$2UNIMARC 901 $aBK 912 $a990007893630403321 952 $aP2B-620-CFHB-33$bBibl. 31693$fFLFBC 959 $aFLFBC 996 $aEparchenbuch Leons des Weisen$9668342 997 $aUNINA LEADER 00952cam2 22002771 450 001 SOBE00065865 005 20240626114238.0 100 $a20210413d1967 |||||ita|0103 ba 101 $aita 102 $aIT 200 0 $a1$fEnzo Santarelli 210 $aRoma$cEditori riuniti$d1967 215 $aXVI, 597 p., [20] c. di tav.$cill.$d22 cm 225 2 $aBiblioteca di storia$v8 410 1$1001LAEC00015200$12001 $a*Biblioteca di storia$v8 461 1$1001E600200026086$12001 $aStoria del movimento e del regime fascista / Enzo Santarelli 700 1$aSantarelli$b, Enzo$3A600200041268$4070$0127254 801 0$aIT$bUNISOB$c20240626$gRICA 850 $aUNISOB 852 $aUNISOB$j900|Coll|2|K$m15183 912 $aSOBE00065865 940 $aM 102 Monografia moderna SBN 941 $aW 957 $a900|Coll|2|K$b000029$i-1$gSI$d15183$1rovito$2UNISOB$3UNISOB$420210413094539.0$520240626114238.0$6Spinosa 996 $a1$91771995 997 $aUNISOB